| 000 | 00387nam a2200145Ia 4500 | ||
|---|---|---|---|
| 082 |
_a633 _bSRI/PL.1 |
||
| 245 | _aPlantation crops : opportunities and constraints V .1 | ||
| 260 |
_aNew Delhi _bOxford & IBH Publishing Co.Pvt.Ltd. _c1986 |
||
| 300 | _a411p | ||
| 546 | _aEnglish | ||
| 700 | _aBhartendu Vatsya | ||
| 700 | _aMenon, K K G | ||
| 700 | _aSrivastava, H C | ||
| 942 |
_2ddc _cBK |
||
| 999 |
_c19731 _d19731 |
||